Music Quiz

Random Music or Nintendo Quiz
Score 0/10 Timer 05:00
0 Plays Today
Antonym Song Title % Correct
Apathy for the AngelSympathy for the Devil
98%
Sketch Them WhitePaint it Black
92.8%
Tamed DonkeysWild Horses
89.2%
White SaltBrown Sugar
80.5%
Field Flighting WomanStreet Fighting Man
77.7%
38th Calm Makeup19th Nervous Breakdown
70.9%
You Can Take Displeasure(I Can't Get No) Satisfaction
58.6%
They Hate MeWe Love You
57.8%
Stay On Your GroundGet Off My Cloud
51.4%
Up House BoyDown Home Girl
28.3%
Remove Ads.
Support Sporcle.
Get the best of Sporcle when you Go Orange. This ad-free experience offers more features, more stats, and more fun while also helping to support Sporcle. Thank you for becoming a member.

You're not logged in!

Compare scores with friends on all Sporcle quizzes.
OR
Log In

Sporcle TV

Today on Sporcle TV


Watch our educational content, quiz creation guides, and fun videos on Sporcle TV.

Show Comments

Extras

Top Quizzes Today


Score Distribution

Paid Content

Your Account Isn't Verified!

In order to create a playlist on Sporcle, you need to verify the email address you used during registration. Go to your Sporcle Settings to finish the process.

Report this User

Report this user for behavior that violates our Community Guidelines.

Details: